Spolkové země Rakouska - Statistics

General Stats
  • This quiz has been taken 133 times
  • The average score is 6 of 9
Answers on the Map
Answers color-coded by a green-red scale on the quiz's map according to % correct below.
 
Answer Stats
Country % Correct
Vídeň
94%
Dolní Rakousy
81%
Horní Rakousy
80%
Tyrolsko
80%
Štýrsko
75%
Salcbursko
69%
Korutany
66%
Burgenland
50%
Vorarlbersko
41%
No matching quizzes found
Score Distribution
Percent of People with Each Score
Percentile by Number Answered
Your Score History
You have not taken this quiz